El papel de los bancos centrales en el desarrollo econm̤ico

Bibliographic Details
Main Author: Valero Flores, Carlos Norberto
Format: eBook
Language:Spanish
Published: Ciudad de Mx̌ico: Cm̀ara de Diputados, 2011
Subjects:
Online Access:Acceso restringido

MARC

LEADER 00000nam a22000007a 4500
005 20170919001710.0
007 cr|||| ||||
008 170919s2011 mx |||||s||||f00||0 spa d
035 |a 20565 
040 |a vLex 
090 |c 6984  |d 6984 
100 1 |a Valero Flores, Carlos Norberto 
245 1 2 |a El papel de los bancos centrales en el desarrollo econm̤ico  |h [Recurso electrn̤ico] /  |c Carlos Norberto Valero Flores 
256 |a Servicio en ln̕ea 
260 |a Ciudad de Mx̌ico:  |b Cm̀ara de Diputados,  |c 2011 
300 |a 1 recurso electrn̤ico (154 p.) 
500 |a Un ejercicio de derecho comparado con los bancos centrales de Mx̌ico, Estados Unidos de Amřica, Alemania, la Unin̤ Europea y China. 
506 1 |a Disponible solo en los productos indicados  |d vLex Global  |d vLex Global (Academic Edition, excluding Law Schools)  |d vLex Global (U.S. Academic Edition, Law Schools)  |d vLex Global (U.S. Academic Edition, excluding Law Schools)  |d vLex Global (Academic Edition, Law Schools) 
650 0 4 |a Financiero  |z Mx̌ico 
740 0 |a vLex Libros (Servicio en ln̕ea) 
856 4 0 |u http://vlex.com/source/papel-bancos-centrales-desarrollo-economico-20565  |z Acceso restringido 
942 |c BOOK 
999 0 |a Financial